Top 15 des films au plus gros box office - Statistiques

Statistiques générales
  • Ce quiz a été pris 46 fois
  • Le résultat moyen est 5 sur 15
Statistiques - réponses
Recettes générées(en dollars) Films Année % Correct
2,9 milliards Avatar 2009
92%
2,2 milliards Titanic 1997
82%
1,51 milliard Avengers 2012
74%
2,07 milliards Avatar: La Voie de l’eau 2022
55%
2,8 milliards Avengers:Endgame 2019
53%
2,04 milliards Avengers: Infinity War 2018
45%
1,9 milliards Spider-Man: No Way Home 2021
21%
1,44 milliard Barbie 2023
18%
2,06 milliards Star Wars: Le Réveil de la Force 2015
18%
1,66 milliard Le Roi Lion 2019
16%
1,51 milliard Fast and Furious 7 2015
11%
1,45 milliard La Reine des Neiges 2 2019
8%
1,34 milliard Harry Potter et les Reliques de la Mort – Partie 2 2011
5%
1,49 milliard Top Gun: Maverick 2022
5%
1,67 milliard Jurrasic World 2015
3%
Aucun quiz correspondant
Distribution des résultats
% des personnes avec chaque résultat
Percentile par nombre de réponses
Votre historique - résultats
Vous n’avez pas pris ce quiz